Fusillé sur son brancard : L'affaire Chapelant et les fantômes de la Grande Guerre (notice n° 2197958)

détails MARC
000 -LEADER
fixed length control field 01105cam a2200133 4500500
005 - DATE AND TIME OF LATEST TRANSACTION
control field 20260405085503.0
041 ## - LANGUAGE CODE
Language code of text/sound track or separate title fre
042 ## - AUTHENTICATION CODE
Authentication code dc
100 10 - MAIN ENTRY--PERSONAL NAME
Personal name Le Naour, Jean-Yves
Relator term author
245 00 - TITLE STATEMENT
Title Fusillé sur son brancard : L'affaire Chapelant et les fantômes de la Grande Guerre
260 ## - PUBLICATION, DISTRIBUTION, ETC.
Name of publisher, distributor, etc. Armand Colin,<br/>
Date of publication, distribution, etc. 2019.<br/>
520 ## - SUMMARY, ETC.
Summary, etc. Julien Chapelant a été fusillé le 11 octobre 1914 pour reddition. Blessé, la jambe fracturée, il a été fusillé ligoté sur son brancard, ce qui a révolté l’opinion et soulevé des débats parlementaires jusqu’en 1934.La question qui se pose encore aujourd’hui est : le sous-lieutenant Chapelant était-il coupable ou innocent ? À la manière d’un enquêteur, Jean-Yves Le Naour nous livre les faits et les témoignages qu’il a pu recueillir tout au long de son travail d’investigation. Il fait un travail d’historien inédit : donner la parole aux accusateurs et aux défenseurs. Au lecteur de se faire sa propre opinion.
856 41 - ELECTRONIC LOCATION AND ACCESS
Uniform Resource Identifier <a href="https://shs.cairn.info/fusille-sur-son-brancard--9782200625139?lang=fr&redirect-ssocas=7080">https://shs.cairn.info/fusille-sur-son-brancard--9782200625139?lang=fr&redirect-ssocas=7080</a>

Pas d'exemplaire disponible.

PLUDOC

PLUDOC est la plateforme unique et centralisée de gestion des bibliothèques physiques et numériques de Guinée administré par le CEDUST. Elle est la plus grande base de données de ressources documentaires pour les Étudiants, Enseignants chercheurs et Chercheurs de Guinée.

Adresse

627 919 101/664 919 101

25 boulevard du commerce
Kaloum, Conakry, Guinée

Réseaux sociaux

Powered by Netsen Group @ 2025